Normal view
MARC view
Entry Personal Name
001 - CONTROL NUMBER
- control field: 48044
003 - CONTROL NUMBER IDENTIFIER
- control field: OSt
005 - DATE AND TIME OF LATEST TRANSACTION
- control field: 20241004162523.0
008 - FIXED-LENGTH DATA ELEMENTS
- fixed length control field: 241004|| aca||aabn | a|a d
040 ## - CATALOGING SOURCE
- Original cataloging agency: OSt
- Transcribing agency: OSt
100 ## - HEADING--PERSONAL NAME
- Personal name: Kumari, Puja and Kulsheshtha, Pradeep
670 ## - SOURCE DATA FOUND
- Source citation: Work cat.: (OSt)524731: Kumari, Puja and Kulsheshtha, Pradeep , Examining the pre-packaged insolvency resolution process in India
